Buenos Aires Trivia - Statistics

General Stats
  • This quiz has been taken 154 times
  • The average score is 11 of 16
Answer Stats
Clue/question Answer % Correct
Wich metro line is represented by the color red B
95%
Football (soccer) club located in La Boca neigborhood Boca Juniors
95%
English translation of "Buenos Aires" Good Airs
93%
Color of the Government House Pink
90%
River that flows through the east side of the city Río de la Plata
86%
Football (soccer) club located in the Núñez neigborhood River Plate
84%
People that live in Buenos Aires are called... Porteños
82%
Closest airport Ezeiza
79%
Largest neighborhood Palermo
69%
Widest street (avenue) 9 de Julio
68%
Famous tango singer, author of "Mi Buenos Aires querido" Carlos Gardel
65%
What does CABA stand for? Ciudad Autónoma de Buenos Aires
64%
Avenue where most theaters are located Corrientes
57%
Avenue that connects the Congress with the Government House Avenida de Mayo
46%
Year in wich Pedro de Mendoza first founded the city 1536
22%
Year in wich Juan de Garay definitely founded the city 1580
22%
No matching quizzes found
Score Distribution
Percent of People with Each Score
Percentile by Number Answered
Your Score History
You have not taken this quiz